000 00476nam a2200181Ia 4500
001 25102
005 20260414151127.0
008 260414t2017||||xx |||||||||||||| ||spa||
041 _aESP
082 _a346.2
_bH27V
100 _aHawie Lora, Illian Milagros
_eAUT
245 0 _aViolencia familiar :
_banálisis sustantivo, procesal y jurisprudencial
260 _c2017
300 _a183 páginas :
_c24 cm.
650 _aDER
654 _aCDE
942 _cLIB
_dJUS
_fJUS
_2ddc
_n
999 _c25102
_d25102